000 00323cam a22001217a 4500
008 180718b1914 xxu||||| |||| 00| 0 eng d
082 _aA6x56 H675
100 _aHogarth, D.G.
245 _aThe Ancient East
_cby D.G. Hogarth
260 _aLondon
_bWilliam & Norgate
_c1914
300 _a256p.
650 _aAsia, West - History
999 _c368450
_d368450